|
|
|
|
| LEADER |
00000naa2a2200000 4500 |
| 001 |
624241 |
| 005 |
20231101133313.0 |
| 035 |
|
|
|a (RuTPU)RU\TPU\conf\23486
|
| 035 |
|
|
|a RU\TPU\conf\23485
|
| 090 |
|
|
|a 624241
|
| 100 |
|
|
|a 20171113d2017 k y0rusy50 ca
|
| 101 |
0 |
|
|a rus
|
| 102 |
|
|
|a RU
|
| 105 |
|
|
|a y z 101zy
|
| 135 |
|
|
|a drcn ---uucaa
|
| 181 |
|
0 |
|a i
|
| 182 |
|
0 |
|a b
|
| 200 |
1 |
|
|a Оценка возможности применения метода динамического индентирования для контроля мартенситного превращения под действием ударных нагрузок в сварных швах со структурой метастабильного аустенита
|f А. В. Ильинский, И. О. Котовщиков, А. С. Костюхин
|
| 203 |
|
|
|a Текст
|c электронный
|
| 225 |
1 |
|
|a Методы и средства неразрушающего контроля
|
| 230 |
|
|
|a 1 компьютерный файл (pdf; 528 Kb)
|
| 300 |
|
|
|a Заглавие с титульного экрана
|
| 463 |
|
1 |
|0 (RuTPU)RU\TPU\conf\23467
|t Инновации в неразрушающем контроле (SibTest 2017)
|o сборник тезисов IV международной конференции, Новосибирск, 27-30 июня 2017 г.
|f Национальный исследовательский Томский политехнический университет (ТПУ) ; под ред. А. В. Юрченко
|v [С. 27-28]
|d 2017
|
| 610 |
1 |
|
|a электронные ресурсы
|
| 610 |
1 |
|
|a ударные нагрузки
|
| 610 |
1 |
|
|a трещинообразование
|
| 610 |
1 |
|
|a аустенит
|
| 610 |
1 |
|
|a ферритный способ
|
| 610 |
1 |
|
|a мартенситные превращения
|
| 700 |
|
1 |
|a Ильинский
|b А. В.
|
| 701 |
|
1 |
|a Котовщиков
|b И. О.
|
| 701 |
|
1 |
|a Костюхин
|b А. С.
|
| 801 |
|
2 |
|a RU
|b 63413507
|c 20171220
|g RCR
|
| 856 |
4 |
|
|u http://earchive.tpu.ru/handle/11683/43971
|
| 942 |
|
|
|c BK
|